000 00830nam a2200217 u 4500
001 000260781
003 AM-YeHGA
005 20250618071738.0
008 030911s1970 ai r 000 0 arm d
040 _aAM-YeHGA
090 _aՆ-14
100 1 _aՆազարյան, Սերգեյ Միհրանի,
_d1924-1980
_91798
245 1 0 _aՕղակների արքան :
_b[Մարմնամարզիկ Ա. Ազարյանի մասին] /
_cՍ. Նազարյան; Խմբ.՝ Վ.Ռ. Բալայան.
260 _aԵրևան :
_bՀայաստան,
_c1970.
300 _a36 էջ :
_bԼուսանկ. ;
_c17 սմ.
600 1 4 _aԱզարյան, Ալբերտ Վաղարշակի,
_d1929-
650 1 4 _aՍպորտ
_xՄարմնամարզություն
653 0 _aՀայ մարզիկներ
653 0 _aՀայ օլիմպիականներ
090 _c95578
999 _c94277
_d94277